Smart SPM objektif [ fizik
| Format: | Book |
|---|---|
| Published: |
Kuala Lumpur :
Cie Integrated (M) Sdn Bhd ,
2000
|
| Series: | Praktis jaya
|
| Subjects: |
MARC
| LEADER | 00000cam a2200000 7i4500 | ||
|---|---|---|---|
| 001 | 0000064673 | ||
| 005 | 20030325.0 | ||
| 020 | |a 9832062551 | ||
| 090 | 0 | 0 | |a 530 |b SMA |
| 245 | 0 | 0 | |a Smart SPM objektif [ |h electronic resource] : |b fizik |
| 260 | |a Kuala Lumpur : |b Cie Integrated (M) Sdn Bhd , |c 2000 | ||
| 300 | |a 1 Electronic computer optical disc (CD-ROM) | ||
| 490 | 0 | |a Praktis jaya | |
| 500 | |a Library has 1 copy | ||
| 650 | 0 | 0 | |a Physics |x SPM |
| 999 | |a CR 000104 |b CD-ROM |c RUJUKAN |e PERPUSTAKAAN KOMUNITI PETALING JAYA | ||